Départements français sans leurs consonnes - Carte Quiz - Statistiques

Statistiques générales
  • Ce quiz a été pris 44 fois
    17 depuis la dernière actualisation
  • Le résultat moyen est 86 sur 101
Réponses sur la Carte
Les réponses sont colorées sur une échelle allant du rouge au vert en fonction du pourcentage des utilisateurs qui les ont devinées à leur premier essai. Vous pouvez retrouver ces pourcentages ci-dessous.
 
Statistiques - réponses
Départements % Correct
30 | 81 | 83 A
100%
40 | 50 | 51 | 72 Ae
100%
1 | 75 Ai
100%
67 A I
100%
2 | 3 Aie
100%
73 Aoie
100%
95 A Oie
100%
10 | 11 Aue
100%
18 | 32 E
100%
46 | 59 O
100%
26 | 69 Ôe
100%
61 | 80 | 88 Oe
100%
42 | 45 | 60 Oie
100%
25 Ou
100%
39 Ua
100%
15 Aa
93%
6 Ae Aiie
93%
7 Aèe
93%
8 | 16 Aee
93%
74 Aue Aoie
93%
2B Aue Oe
93%
34 Éau
93%
36 Ie
93%
38 | 58 Ièe
93%
86 Iee
93%
33 Ioe
93%
2A Oe U U
93%
13 Oue U Ôe
93%
971 Uaeoue
93%
973 Uyae
93%
64 Yéée Aaiue
93%
66 Yéée Oieae
93%
14 Aao
87%
17 Aee Aiie
87%
4 Ae E Aue Oee
87%
68 Au I
87%
84 Auue
87%
23 | 27 | 55 Eue
87%
35 Ie E Iaie
87%
29 Iièe
87%
19 | 48 Oèe
87%
57 Oee
87%
89 Yoe
87%
62 A E Aai
80%
9 Aièe
80%
972 Aiiue
80%
5 | 52 Aue Ae
80%
85 Eée
80%
76 Eie Aiie
80%
90 Eioie E Eo
80%
91 Eoe
80%
79 Eu Ee
80%
22 Ôe Ao
80%
56 Oia
80%
78 Yeie
80%
94 A E Ae
73%
65 Aue Yéée
73%
93 Eie Ai Ei
73%
77 Eie E Ae
73%
54 Eue E Oee
73%
21 Ôe O
73%
44 Oie Aaiue
73%
24 Ooe
73%
82 A E Aoe
67%
974 A Euio
67%
12 Aeyo
67%
31 Aue Aoe
67%
70 Aue Aôe
67%
976 Ayoe
67%
92 Au E Eie
60%
53 Ayee
60%
47 O E Aoe
60%
63 Uy E ÔE
60%
28 Eue E Oi
53%
41 Oi E E
53%
49 Aie E Oie
47%
87 Aue Iee
47%
43 Aue Oie
47%
37 Ie E Oie
47%
71 Aôe E Oie
40%
Aucun quiz correspondant
Distribution des résultats
% des personnes avec chaque résultat
Percentile par nombre de réponses
Votre historique - résultats
Vous n’avez pas pris ce quiz depuis la dernière actualisation